Countries with the Highest Percentage of Redheads - Statistics

General Stats
  • This quiz has been taken 686 times
  • The average score is 15 of 19
Answer Stats
% Country % Correct
3% United States of America
98%
15% Ireland
97%
11% United Kingdom
96%
4% Sweden
90%
4% France
88%
4% Germany
88%
4% Finland
85%
6% Netherlands
85%
7% Belgium
83%
5% Denmark
82%
6% Russia
82%
1% Poland
80%
8% Iceland
79%
2% Latvia
69%
3% Estonia
68%
3% Switzerland
68%
2% Lithuania
67%
5% Luxembourg
67%
1% Slovakia
48%
No matching quizzes found
Score Distribution
Percent of People with Each Score
Percentile by Number Answered
Your Score History
You have not taken this quiz